| 000 | 01122nam a22003377a 4500 | ||
|---|---|---|---|
| 003 | CHAP | ||
| 005 | 20220817042812.0 | ||
| 008 | 971013s1963 r 00010 d | ||
| 010 | _a56135 | ||
| 011 | _a57107 | ||
| 035 | _a61260 | ||
| 040 | _cCHAP | ||
| 082 |
_a693.5 _bS5 |
||
| 100 | 0 | 0 |
_aShewmaker, R. E. _9105676 |
| 245 | _aVery small scale reinforced concrete-multipanel flat slabs | ||
| 260 |
_aUrbana : _bUniversity of Illinois, _c1963 |
||
| 300 |
_a171 p. _b: ilus. |
||
| 490 |
_aCivil Engineering Studies Structural Research Series _v; 265 |
||
| 590 |
_aBATCH-UPD _b10 _c20130110 _lUCH01 _h0020 |
||
| 590 |
_aBATCH-UPD _b10 _c20130110 _lUCH01 _h0513 |
||
| 590 |
_aBATCH-UPD _b10 _c20130110 _lUCH01 _h2209 |
||
| 590 |
_aCONVERSION _b10 _c20130109 _lUCH01 _h1330 |
||
| 650 | 1 | 4 |
_aConcreto armado. _926306 |
| 650 | 1 | 4 |
_aConcreto _xConstrucciones. _926304 |
| 700 | 0 |
_aSozen, M. A. _9109107 |
|
| 700 | 0 |
_aXanthakis, Manuel. _9122880 |
|
| 830 | 0 |
_aCivil Engineering Studies Structural Research Series _v; 265 |
|
| 901 | _aBK | ||
| 942 | _cLIBRO | ||
| 949 |
_a693.5 S5 _bBC _cLIBRO _d33724000108577 _eLIBRO _h38255 _i61260 _si |
||
| 999 |
_c56135 _d56135 |
||